the preamble of the US Constitution. - Statistics

General Stats
  • This quiz has been taken 904 times
  • The average score is 37 of 52
Answer Stats
Hint Answer % Correct
the the
100%
we we
100%
people people
99%
of
94%
states
94%
the
94%
united
94%
to
85%
form
84%
in
84%
order
84%
a
83%
more
83%
perfect
83%
union
83%
establish
79%
justice,
78%
tranquility,
74%
domestic
73%
provide
73%
the
73%
common
72%
for
72%
insure
71%
the
70%
defense,
69%
promote
68%
general
67%
welfare,
67%
and
66%
the
64%
of
62%
secure
62%
blessings
61%
our
61%
and
60%
liberty
60%
ourselves
60%
to
60%
America
59%
of
59%
posterity.
59%
and
58%
ordain
58%
the
58%
this
58%
constitution
57%
Do
57%
establish
57%
for
57%
States
57%
United
57%
No matching quizzes found
Score Distribution
Percent of People with Each Score
Percentile by Number Answered
Your Score History
You have not taken this quiz